000 00308nam a22001337a 4500
999 _c15297
_d15297
022 _a978/1-119-12423-8
082 _a633.10284
_bBAL/DR
100 _aBala, B. K
_92938
245 _aDrying and storage of cereal grains
250 _a2
260 _aU.K
_bWiley Blackwell
_c2017
300 _a335
942 _cBK